MARC details
| 000 -LEADER |
| campo de control de longitud fija |
02532nam a22004217a 4500 |
| 001 - NÚMERO DE CONTROL |
| campo de control |
003555 |
| 003 - IDENTIFICADOR DE NÚMERO DE CONTROL |
| campo de control |
CoMeUDC003555 |
| 005 - FECHA Y HORA DE LA ÚLTIMA TRANSACCIÓN |
| campo de control |
20230216140907.0 |
| 008 - DATOS DE LONGITUD FIJA--INFORMACIÓN GENERAL |
| campo de control de longitud fija |
000522s1999 mx ao r 00110 spa d |
| 020 ## - NÚMERO INTERNACIONAL ESTÁNDAR DEL LIBRO |
| Número Internacional Estándar del Libro |
9682611466 |
| 040 ## - FUENTE DE CATALOGACIÓN |
| Centro catalogador/agencia de origen |
la |
| Centro/agencia transcriptor |
CO-UdeC |
| 041 1# - CÓDIGO DE IDIOMA |
| Código de lengua del texto/banda sonora o título independiente |
spa |
| Código de lengua original |
eng |
| 082 04 - NÚMERO DE LA CLASIFICACIÓN DECIMAL DEWEY |
| Número de clasificación |
530 |
| Número de ítem |
B474 |
| 100 1# - ENTRADA PRINCIPAL--NOMBRE DE PERSONA |
| Nombre de persona |
Benson, Harris. |
| 245 10 - MENCIÓN DEL TÍTULO |
| Título |
Física universitaria / |
| Mención de responsabilidad, etc. |
Harris Benson ; revisión técnica Antonio Gen Mora. |
| 250 ## - MENCION DE EDICION |
| Mención de edición |
Edición revisada. |
| 260 ## - PUBLICACIÓN, DISTRIBUCIÓN, ETC. |
| Lugar de publicación, distribución, etc. |
México : |
| Nombre del editor, distribuidor, etc. |
Compañía Editorial Continental, |
| Fecha de publicación, distribución, etc. |
2000. |
| 300 ## - DESCRIPCIÓN FÍSICA |
| Extensión |
2 v. : |
| Otras características físicas |
il. ; |
| Dimensiones |
25 cm. |
| 440 #0 - MENCIÓN DE SERIE/PUNTO DE ACCESO ADICIONAL--TÍTULO |
| Título |
Grupo patria cultural |
| 504 ## - NOTA DE BIBLIOGRAFÍA, ETC. |
| Nota de bibliografía, etc. Nota |
Incluye índice. |
| 505 0# - NOTA DE CONTENIDO CON FORMATO |
| Nota de contenido con formato |
v.1 Física universitaria. -- v.2 Física universitaria.<br/> |
| 505 0# - NOTA DE CONTENIDO CON FORMATO |
| Nota de contenido con formato |
V1 Introducción -- Vectores -- Cinemática Unidimensional -- Inercia y movimiento bidimensional -- Dinámica de las partículas II -- Trabajo y energía -- Conservación de la energía -- Ímpetu lineal -- Sistemas de partículas -- Rotación de un cuerpo rígido alrededor de un eje fijo -- Ímpetu angular y estática -- la gravitación -- Sólidos y fluidos -- Oscilaciones -- Las ondas mecánicas -- El sonido -- Temperatura, dilatación térmica y la ley del gas ideal -- La primera ley de la termodinámica -- Teoría cinética -- Entropía y la segunda ley de la termodinámica |
| 505 0# - NOTA DE CONTENIDO CON FORMATO |
| Nota de contenido con formato |
V2 Electroestática -- El campo eléctrico -- La ley de Gauss -- El potencial eléctrico -- Capacitores y dieléctricos -- Corriente y resistencia -- Circuito de corriente directa -- El campo magnético -- Fuentes del campo magnético -- Inducción electromagnética -- Inductancia y materiales magnéticos -- Circuitos de corriente alterna -- Ecuaciones de Maxwell, ondas electromagnéticas -- Luz: reflexión y refracción -- Lentes e instrumentos ópticos -- Óptica ondulatoria (I) -- Óptica ondulatoria (II) -- Relatividad especial -- Teoría cuántica primitiva -- Mecánica ondulatoria -- Átomos y sólidos -- Física nuclear -- Partículas elementales |
| 534 ## - NOTA SOBRE LA VERSIÓN ORIGINAL |
| Frase introductoria |
Título original. |
| Mención de título del original |
University physics. |
| 546 ## - NOTA DE IDIOMA |
| Nota de lengua/lenguaje |
Español |
| 650 #0 - PUNTO DE ACCESO ADICIONAL DE MATERIA--TÉRMINO DE MATERIA |
| Término de materia o nombre geográfico como elemento de entrada |
Física |
| 9 (RLIN) |
2272 |
| 650 #0 - PUNTO DE ACCESO ADICIONAL DE MATERIA--TÉRMINO DE MATERIA |
| Término de materia o nombre geográfico como elemento de entrada |
Teoría cuántica |
| 9 (RLIN) |
2273 |
| 650 #0 - PUNTO DE ACCESO ADICIONAL DE MATERIA--TÉRMINO DE MATERIA |
| Término de materia o nombre geográfico como elemento de entrada |
Mecánica |
| 9 (RLIN) |
2274 |
| 650 #0 - PUNTO DE ACCESO ADICIONAL DE MATERIA--TÉRMINO DE MATERIA |
| Término de materia o nombre geográfico como elemento de entrada |
Mecánica de líquidos |
| 9 (RLIN) |
2275 |
| 650 #0 - PUNTO DE ACCESO ADICIONAL DE MATERIA--TÉRMINO DE MATERIA |
| Término de materia o nombre geográfico como elemento de entrada |
Mecánica de fluidos |
| 9 (RLIN) |
2276 |
| 650 ## - PUNTO DE ACCESO ADICIONAL DE MATERIA--TÉRMINO DE MATERIA |
| Término de materia o nombre geográfico como elemento de entrada |
Sonidos. |
| 650 #0 - PUNTO DE ACCESO ADICIONAL DE MATERIA--TÉRMINO DE MATERIA |
| Término de materia o nombre geográfico como elemento de entrada |
Electrostática |
| 9 (RLIN) |
2277 |
| 650 #0 - PUNTO DE ACCESO ADICIONAL DE MATERIA--TÉRMINO DE MATERIA |
| Término de materia o nombre geográfico como elemento de entrada |
Física nuclear |
| 9 (RLIN) |
2278 |
| 650 #0 - PUNTO DE ACCESO ADICIONAL DE MATERIA--TÉRMINO DE MATERIA |
| Término de materia o nombre geográfico como elemento de entrada |
Física |
| Subdivisión de forma |
Problemas, ejercicios, etc.. |
| 9 (RLIN) |
2272 |
| 700 1# - ENTRADA AGREGADA--NOMBRE PERSONAL |
| Nombre de persona |
Andrade Herrera, Jorge, |
| Término indicativo de función/relación |
tr. |
| 700 1# - ENTRADA AGREGADA--NOMBRE PERSONAL |
| Nombre de persona |
Gen Mora, Antonio, |
| Término indicativo de función/relación |
rev. |
| 942 ## - ELEMENTOS DE ENTRADA SECUNDARIOS (KOHA) |
| Fuente del sistema de clasificación o colocación |
Clasificación Decimal Dewey |
| Tipo de ítem Koha |
Libros |